01185cam a2200289 a 4500001000400000003001000004005001700014008004100031020001800072040002500090080001400115090002300129100003200152245019100184250003200375260003800407300002700445504002400472650003200496650004900528650002700577700002800604942001200632952011900644952011900763999001300882143BR-CuiBMT20231110210516.0230821s2022 mgba 000 0 por d a9786555183580 aBR-CuiBMTcBR-CuiBMT 22007a351 a351bS729cc2. ed.1 aSouza, Kleberson Roberto de10aComo combater o desperdício no setor público :bgestão de riscos na prática /cKleberson Roberto de Souza, Franklin Brasil Santos ; prefácio Francisco Eduardo de Holanda Bessa. a2. ed., rev. ampl. e atual. aBelo Horizonte :bFórum,c2022. a265 p. :bil. ;c22 cm aInclui biliografia. aAdministração pública aGestão públicaxRacionamento de recursos aDireito administrativo1 aSantos, Franklin Brasil 2udccLV 00102udc4070aBIBTCEMTbBIBTCEMTd2023-06-28l0o351 S729cpBIBTCEMT23080120r2023-08-21tEx. 1w2023-08-21yLV 00102udc4070aBIBTCEMTbBIBTCEMTd2023-11-22l0o351 S729cpBIBTCEMT23110825r2023-11-22tEx. 2w2023-11-22yLV c143d143